01673nam a2200337 i 4500001001000000003000900010005001700019007000300036008004100039040003000080041000800110082002200118100005500140245004600195264004100241300002800282336002700310337003300337338002800370504002800398590002600426600004000452600005900492651006000551910003800611942001400649952020100663952020200864952025201066999001701318000026943DO-SdBNP20250623101406.0ta110328t1944 dr r 001 0dspa d aDO-SdBNPbspacBNPHUerda aspa 4a972.93bM516d2221 aMejía Soliere, Luis F.,d1892-1971eautor94494710aDe Lilís a Trujillo /cLuis F. Mejía. 1aCaracas :bEditorial Élite,c1944. a353 páginas ;c25 cm. ardacontentbtexto2txt ardamediabsin mediación2n ardacarrierbvolumen2nc aBibliografía : p. 343 aInventariado, 2024/DG10a Heureaux, Ulises, d1845-1899959810aTrujillo Molina, Rafael Leónidas,d 1891-1961976764 0aRepública Dominicana --xHistoria --y1844-193091009 aValidado. Control de calidad. EMS 2ddccLBS1 00102ddc51708RVaBNPHUbBNPHUcHDd2011-10-13l0oBNPHU PD-RV 972.93 M516dp26943-20r2020-06-25te.2w2020-06-25yLBS1zPerteneció a la biblioteca personal de Martínez Boog.ZNo se presta 00102ddc51708RVaBNPHUbBNPHUcHDd2011-03-28l0oBNPHU PD-RV 972.93 M516dp26943-10r2020-06-25w2020-06-25yLBS1zPerteneció a la biblioteca personal de Germán Emilio Ornes.ZNo se presta 00102ddc56708DSaBNPHUbBNPHUcHDd2024-11-27eDonado por la Presidencia de la República Dominicana 2023l0oBNPHU DS-RV 972.93 M516dp2024-6731r2024-11-27te.3w2024-11-27yLBS1zPertenecio a la biblioteca personal de Emilio Cordero Michel c26435d26435